Logic computer design fundamentals / (Record no. 354865)
[ view plain ]
| 000 -LEADER | |
|---|---|
| fixed length control field | 00322nam a2200109Ia 4500 |
| 008 - FIXED-LENGTH DATA ELEMENTS--GENERAL INFORMATION | |
| fixed length control field | 180205s9999 xx 000 0 und d |
| 020 ## - INTERNATIONAL STANDARD BOOK NUMBER | |
| International Standard Book Number | 9810699328 |
| 100 ## - MAIN ENTRY--PERSONAL NAME | |
| Personal name | Mano, Morris M. |
| 245 ## - TITLE STATEMENT | |
| Statement of responsibility, etc | Kime, Charles R. |
| Title | Logic computer design fundamentals / |
| 260 ## - PUBLICATION, DISTRIBUTION, ETC. (IMPRINT) | |
| Place of publication, distribution, etc | Singapore |
| Name of publisher, distributor, etc | Pearson education |
| Date of publication, distribution, etc | 2006 |
| 300 ## - PHYSICAL DESCRIPTION | |
| Extent | iii, 656 pages |
No items available.